Normal view
MARC view
Entry Topical Term
001 - CONTROL NUMBER
- control field: 9758
003 - CONTROL NUMBER IDENTIFIER
- control field: BD-RjUL
005 - DATE AND TIME OF LATEST TRANSACTION
- control field: 20231026154453.0
008 - FIXED-LENGTH DATA ELEMENTS
- fixed length control field: 231026|| aca||aabn | a|a d
040 ## - CATALOGING SOURCE
- Original cataloging agency: BD-RjUL
- Transcribing agency: BD-RjUL
150 ## - HEADING--TOPICAL TERM
- Topical term or geographic name entry element: Persian poetry
- Chronological subdivision: 1796-
670 ## - SOURCE DATA FOUND
- Source citation: Work cat.: (BD-RjUL)82188: ديوان سخنور نامى داورى فرزند وصال شيرازى ;; Dīvān sukhanvar-i nāmī Dāvarī farzand-i Viṣāl Shīrāzī /, 1330 1951